| 000 | 00834nam a2200241 a 4500 | ||
|---|---|---|---|
| 005 | 20240203063631.0 | ||
| 008 | 991125n 000 0 spa u | ||
| 035 | _aUPN01000090791 | ||
| 100 | 1 |
_aMendoza Rojas, Javier _929304 |
|
| 222 | _aREVISTA DE LA EDUCACION SUPERIOR | ||
| 245 | _aOpiniones y actividades de los directores de planeación de universidades estatales respecto a la planeación universitaria en un contexto de crisis | ||
| 300 | _a18-45 | ||
| 362 | 0 | _a1986 Vol. 15, no. 1(57), ene.-mar. | |
| 653 | 0 | _aAUTONOMIA UNIVERSITARIA | |
| 653 | 0 | _aCRISIS ECONOMICA | |
| 653 | 0 | _aEDUCACION SUPERIOR | |
| 653 | 0 | _aFINANCIAMIENTO EDUCATIVO | |
| 653 | 0 | _aPLAN NACIONAL DE EDUCACION SUPERIOR (MEXICO) | |
| 653 | 0 | _aPLANEACION EDUCATIVA | |
| 653 | 0 | _aPOLITICA EDUCATIVA | |
| 904 |
_aAC _b028602 |
||
| 905 | _aArticulo | ||
| 999 |
_c73766 _d73766 |
||